| 000 | 01000na a2200301 4500 | ||
|---|---|---|---|
| 001 | 14950 | ||
| 003 | MIRAKIL | ||
| 005 | 20181213155216.0 | ||
| 008 | 160930b tu 000 0 | ||
| 035 | _a14950 | ||
| 040 |
_aMilas _btur _cTR-AnCHP |
||
| 041 | _atur | ||
| 082 |
_aCHP 324.2172 2002 _bB27 2009 |
||
| 090 | _aCHP 324.2172 2002 B27 2009 | ||
| 245 |
_aBasında CHP köşe yazıları (1999-2009) (15 cilt) _b2002 _cderleyen Şahin Aybek |
||
| 246 | _aBasında CHP | ||
| 246 | _aCHP köşe yazıları | ||
| 260 |
_aAnkara _bMaya Akademi _c2009 |
||
| 300 |
_a2 c. _bres. _c29 sm. |
||
| 500 | _a2002 yılında CHP'ye ilişkin çıkmış tüm köşe yazıları içerir. | ||
| 610 |
_xKamuoyu _yKöşe yazıları |
||
| 610 |
_aCHP _xTarih _yBasın |
||
| 610 |
_aCHP _xSiyaset ve yönetim _yKöşe yazıları |
||
| 610 |
_aCHP _xBasın _y1999-2009 |
||
| 650 |
_aBasın ve siyaset _zTürkiye |
||
| 650 |
_aSiyasal partiler _d1999-2009 _xBasın _yKöşe yazıları _zTürkiye |
||
| 942 |
_2dcc _cBKS |
||
| 999 |
_c8550 _d8550 |
||